| 000 | 00543nam a22001937a 4500 | ||
|---|---|---|---|
| 999 |
_c49 _d49 |
||
| 003 | OSt | ||
| 005 | 20210528125645.0 | ||
| 008 | 210528b ||||| |||| 00| 0 eng d | ||
| 020 | _a9966461434 | ||
| 040 | _cAlupe University | ||
| 050 |
_aHB171.5 _b.L7343 1980 |
||
| 100 | _qLivingstone, Ian | ||
| 245 | _aEconomics for Eastern Africa | ||
| 260 |
_aNairobi, Kenya _bHeinemann _c1980 |
||
| 300 |
_axx, 572 pages _b: illustrations _c; 25 cm |
||
| 500 | _aIncludes bibliographical references and index | ||
| 600 | _xEconomics | ||
| 942 |
_2lcc _cBK |
||